Statistics for Anime Quotes

Click here to take the quiz!

General Stats

  • This quiz has been taken 911 times
  • The average score is 5 of 15

Answer Stats

HintAnswer% Correct
Kira is Childish and hates losing, I'm also childish and hate losing.Death Note
83%
Sorry I'm late, I'm afraid I got lost on the path of life.Naruto
73%
Forgeting is like a wound, the wound may heal, but it has already left a scar.One Piece
51%
If I win, I live. if I lose I die... unless I fight, I cannot win.Attack On Titan
43%
You don't die for your friends, you live for them.Fairy Tail
42%
I'd rather trust and regret, than dobut and regret.Sword Art Online
30%
How can you move forward if you keep regreting the past?Fullmetal Alchemist
29%
Whe will a war end? when someone wins.Code Geass
27%
I know that I dont't need the keyblade, I have a better weapon, my heart!Kingdom Hearts
25%
Pain tends to heal as time passes, but personaly, I don't want time to heal my wounds.Black Butler
15%
We might be scared, but thats what makes us stronger.Soul Eater
13%
You trusted me so I'll trust you too. that's what being friends means dosn't it?Blue Exorcist
11%
It dosn't matter how many relationships we seem to have, were all alone.Another
10%
What good are dreams, if all you do is work? theres more to llife than hitting the books, I hope you know.Ouran Highschool Host Club
8%
No one can be replaced for another person.Vampire Knight
4%

Score Distribution

Percentile by Number Answered

Percent of People with Each Score

Your Score History

You have not taken this quiz